Quiz sur le Pape François - Statistiques

Statistiques générales
  • Ce quiz a été pris 64 fois
    7 depuis la dernière actualisation
  • Le résultat moyen est 7 sur 15
Statistiques - réponses
Hint Réponse % Correct
Pays de naissance Argentine
100%
Prédécesseur Benoît XVI
71%
Successeur (à venir) Léon XIV
71%
Année de naissance 1936
57%
Fonction exercée avant d'être Pape Archevêque de Buenos Aires
57%
Origines Italiennes
57%
Communauté religieuse Jésuite
57%
Combientième Pape 266
43%
Véritable nom Jorge Bergolio
43%
Travail dans sa jeunesse Videur
43%
Fin de Pontificat 21 avril 2025
29%
Etudes dans sa jeunesse Chimie
29%
Début de Pontificat 13 mars 2013
0%
Encyclique sur l'amour conjugal Amoris Laetitia
0%
Encyclique sur l'écologie Laudato si
0%
Aucun quiz correspondant
Distribution des résultats
% des personnes avec chaque résultat
Percentile par nombre de réponses
Votre historique - résultats
Vous n’avez pas pris ce quiz depuis la dernière actualisation